<?xml version="1.0" encoding="UTF-8"?>
<record
    xmlns:xsi="http://www.w3.org/2001/XMLSchema-instance"
    xsi:schemaLocation="http://www.loc.gov/MARC21/slim http://www.loc.gov/standards/marcxml/schema/MARC21slim.xsd"
    xmlns="http://www.loc.gov/MARC21/slim">

  <leader>01416nam a22002297a 4500</leader>
  <datafield tag="999" ind1=" " ind2=" ">
    <subfield code="c">6714</subfield>
    <subfield code="d">6714</subfield>
  </datafield>
  <controlfield tag="003">GBCCL</controlfield>
  <controlfield tag="005">20241126110609.0</controlfield>
  <controlfield tag="008">180525b           ||||| |||| 00| 0 eng d</controlfield>
  <datafield tag="020" ind1=" " ind2=" ">
    <subfield code="a">9781565632066 </subfield>
  </datafield>
  <datafield tag="020" ind1=" " ind2=" ">
    <subfield code="a">1565632060</subfield>
  </datafield>
  <datafield tag="040" ind1=" " ind2=" ">
    <subfield code="c">GBC</subfield>
  </datafield>
  <datafield tag="082" ind1=" " ind2=" ">
    <subfield code="a">220.44</subfield>
    <subfield code="b">BRO</subfield>
  </datafield>
  <datafield tag="100" ind1=" " ind2=" ">
    <subfield code="a">Brown, Francis</subfield>
    <subfield code="9">12007</subfield>
  </datafield>
  <datafield tag="245" ind1=" " ind2=" ">
    <subfield code="a">The Brown, Driver, Briggs Hebrew and English lexicon : </subfield>
    <subfield code="b">with an appendix containing the Biblical Aramaic : coded with the numbering system from Strong's Exhaustive concordance of the Bible/</subfield>
    <subfield code="c">	Francis Brown; S R Driver; Charles A Briggs; Edward Robinson; James Strong;</subfield>
  </datafield>
  <datafield tag="260" ind1=" " ind2=" ">
    <subfield code="a">Peabody, Mass. : </subfield>
    <subfield code="b">Hendrickson Publishers, </subfield>
    <subfield code="c">2015, 1906</subfield>
  </datafield>
  <datafield tag="300" ind1=" " ind2=" ">
    <subfield code="a">xxi, 1204 pages ; 25 cm</subfield>
  </datafield>
  <datafield tag="505" ind1=" " ind2=" ">
    <subfield code="a">"Based on the lexicon of William Gesenius, as translated by Edward Robinson; and edited with constant reference to the thesaurus of Gesenius as completed by E. R&#xF6;diger, and with authorized use of the latest German editions of Gesenius' Handw&#xF6;rterbuch &#xFC;ber das Alte Testament."
"Dr. Yael Avrahami of the University of Haifa has prepared two indexes of verbal roots, both Hebrew and Aramaic. These indexes, added to the 2010 printing of the BDB ... are located on p. 1177 and p. 1201 respectively."</subfield>
  </datafield>
  <datafield tag="650" ind1=" " ind2=" ">
    <subfield code="a">Bible. -- Old Testament -- Dictionaries. </subfield>
    <subfield code="9">12008</subfield>
  </datafield>
  <datafield tag="650" ind1=" " ind2=" ">
    <subfield code="a">Bible. -- Old Testament. </subfield>
    <subfield code="9">10118</subfield>
  </datafield>
  <datafield tag="650" ind1=" " ind2=" ">
    <subfield code="a">Hebrew language -- Dictionaries -- English.</subfield>
    <subfield code="9">12009</subfield>
  </datafield>
  <datafield tag="942" ind1=" " ind2=" ">
    <subfield code="2">ddc</subfield>
    <subfield code="c">REF</subfield>
  </datafield>
  <datafield tag="952" ind1=" " ind2=" ">
    <subfield code="0">0</subfield>
    <subfield code="1">0</subfield>
    <subfield code="2">ddc</subfield>
    <subfield code="4">0</subfield>
    <subfield code="7">0</subfield>
    <subfield code="a">GBC</subfield>
    <subfield code="b">GBC</subfield>
    <subfield code="c">LAN</subfield>
    <subfield code="d">2018-05-25</subfield>
    <subfield code="l">0</subfield>
    <subfield code="o">220.44 BRO</subfield>
    <subfield code="p">010284</subfield>
    <subfield code="r">2025-05-01 00:00:00</subfield>
    <subfield code="t">c.1</subfield>
    <subfield code="w">2018-05-25</subfield>
    <subfield code="y">LAN</subfield>
  </datafield>
  <datafield tag="952" ind1=" " ind2=" ">
    <subfield code="0">0</subfield>
    <subfield code="1">0</subfield>
    <subfield code="2">ddc</subfield>
    <subfield code="4">0</subfield>
    <subfield code="7">0</subfield>
    <subfield code="a">GBC</subfield>
    <subfield code="b">GBC</subfield>
    <subfield code="c">LAN</subfield>
    <subfield code="d">2023-12-01</subfield>
    <subfield code="l">0</subfield>
    <subfield code="o">220.44 BRO</subfield>
    <subfield code="p">020663</subfield>
    <subfield code="r">2025-05-01 00:00:00</subfield>
    <subfield code="t">c.2</subfield>
    <subfield code="w">2023-12-01</subfield>
    <subfield code="y">LAN</subfield>
  </datafield>
</record>
